[Event "Women's Speed Chess GP1"]
[Site "chess.com INT"]
[Date "2020.06.24"]
[Round "1.7"]
[White "Assaubayeva, Bibisara"]
[Black "Ju, Wenjun"]
[Result "0-1"]
[WhiteTitle "FM"]
[BlackTitle "GM"]
[WhiteElo "2364"]
[BlackElo "2560"]
[WhiteFideId "13708694"]
[BlackFideId "8603006"]
[EventDate "2020.06.24"]
[EventType "k.o. blitz"]

1. d4 Nf6 2. c4 e6 3. Nc3 Bb4 4. g3 d5 5. Bg2 O-O 6. cxd5 exd5 7. Nf3 Ne4 8. O-O
Bxc3 9. bxc3 Nxc3 10. Qc2 Ne4 11. Ne5 Nd7 12. Bf4 Nxe5 13. Bxe5 c6 14. Rab1 Bf5
15. Qb2 b6 16. Rbc1 Rc8 17. Rfd1 Re8 18. f3 Nd6 19. g4 Bg6 20. f4 Be4 21. g5
Bxg2 22. Kxg2 Nf5 23. Rd3 f6 24. gxf6 gxf6 25. Kh1 fxe5 26. Rg1+ Kh8 27. dxe5 c5
28. e4 Nd4 29. Rdg3 Qh4 30. Qg2 Qxf4 31. exd5 Qxe5 32. Rg4 Rcd8 33. d6 Qxd6 34.
Rg5 Qe6 0-1

[Event "Women's Speed Chess GP1"]
[Site "chess.com INT"]
[Date "2020.06.24"]
[Round "1.8"]
[White "Ju, Wenjun"]
[Black "Assaubayeva, Bibisara"]
[Result "1-0"]
[WhiteTitle "GM"]
[BlackTitle "FM"]
[WhiteElo "2560"]
[BlackElo "2364"]
[WhiteFideId "8603006"]
[BlackFideId "13708694"]
[EventDate "2020.06.24"]
[EventType "k.o. blitz"]

1. Nf3 Nf6 2. c4 g6 3. g3 Bg7 4. Bg2 O-O 5. O-O c6 6. b3 Ne4 7. d4 d5 8. Bb2 Nd7
9. Nbd2 Ndf6 10. Ne5 Bf5 11. Nxe4 Bxe4 12. f3 Bf5 13. c5 Nd7 14. Nxd7 Qxd7 15.
e4 dxe4 16. fxe4 Bh3 17. Bxh3 Qxh3 18. Qe2 Rad8 19. Rad1 h5 20. Qg2 Qc8 21. b4
a5 22. bxa5 Qa8 23. Bc3 Rd7 24. e5 e6 25. Qe2 Rfd8 26. Rd2 Qa7 27. Rb1 Bf8 28.
Kg2 Bxc5 29. dxc5 Qxc5 30. Rxd7 Rxd7 31. Rc1 Qd5+ 32. Kg1 c5 33. Rc2 c4 34. Rd2
Qc5+ 35. Qf2 Qxf2+ 36. Kxf2 Rc7 37. Rd8+ Kg7 38. Ke3 Rc5 39. Kd4 Rc6 40. Rd6 Rc8
41. Rd7 g5 42. Rxb7 h4 43. a6 Ra8 44. a7 1-0

[Event "Women's Speed Chess GP1"]
[Site "chess.com INT"]
[Date "2020.06.24"]
[Round "1.9"]
[White "Assaubayeva, Bibisara"]
[Black "Ju, Wenjun"]
[Result "0-1"]
[WhiteTitle "FM"]
[BlackTitle "GM"]
[WhiteElo "2364"]
[BlackElo "2560"]
[WhiteFideId "13708694"]
[BlackFideId "8603006"]
[EventDate "2020.06.24"]
[EventType "k.o. blitz"]

1. e4 c5 2. Nf3 Nc6 3. d4 cxd4 4. Nxd4 Nf6 5. Nc3 e5 6. Ndb5 d6 7. Bg5 a6 8. Na3
b5 9. Nd5 Be7 10. Bxf6 Bxf6 11. c4 b4 12. Nc2 O-O 13. g3 Be6 14. h4 a5 15. Bg2
Nd4 16. Nxd4 exd4 17. Nxf6+ Qxf6 18. O-O Bxc4 19. Re1 d3 20. b3 Bb5 21. Qh5 Rab8
22. Qd5 Rfc8 23. Qh5 Rc2 24. Qf3 Qxf3 25. Bxf3 Rbc8 26. Red1 Rb2 27. a4 Ba6 28.
e5 dxe5 29. Be4 d2 0-1

[Event "Women's Speed Chess GP1"]
[Site "chess.com INT"]
[Date "2020.06.24"]
[Round "1.10"]
[White "Ju, Wenjun"]
[Black "Assaubayeva, Bibisara"]
[Result "1/2-1/2"]
[WhiteTitle "GM"]
[BlackTitle "FM"]
[WhiteElo "2560"]
[BlackElo "2364"]
[WhiteFideId "8603006"]
[BlackFideId "13708694"]
[EventDate "2020.06.24"]
[EventType "k.o. blitz"]

1. d4 Nf6 2. Nf3 g6 3. g3 Bg7 4. Bg2 O-O 5. O-O d5 6. c4 c6 7. b3 a5 8. Nc3 Ne4
9. Bb2 Nxc3 10. Bxc3 Nd7 11. e3 Nf6 12. Ne5 Be6 13. Qe2 Ne4 14. Bb2 a4 15. cxd5
cxd5 16. bxa4 Rxa4 17. Qb5 Ra6 18. Nd3 Rb6 19. Qa4 Nd2 20. Rfd1 Nc4 21. Bc3 Ra6
22. Qb3 Rb6 23. Qc2 Rc6 24. Rac1 Qa8 25. Qe2 Rfc8 26. Nf4 Nb6 27. Bd2 Qxa2 28.
Rxc6 Rxc6 29. Nxe6 fxe6 30. Qd3 Qc2 31. Qxc2 Rxc2 32. Bb4 Kf7 33. Rb1 Nc4 34.
Bf1 b5 35. Be1 Rb2 36. Rxb2 Nxb2 37. Bxb5 e5 38. dxe5 Bxe5 39. Be2 Nc4 40. Kg2
e6 41. e4 Bf6 42. exd5 exd5 43. h4 Ke6 44. h5 Ne5 45. hxg6 hxg6 46. f4 Nc4 47.
Kf3 Nd6 48. g4 d4 49. Bd3 g5 50. f5+ Kd5 51. Bg3 Nc4 52. Be4+ Kc5 53. Ke2 Nd6
54. Bxd6+ Kxd6 55. Kf3 Ke5 56. Bd3 Kd5 57. Be4+ Kc4 58. Ke2 Kc3 59. Bd3 Bg7 60.
Be4 Bf6 61. Bd3 Bg7 62. Be4 Bf6 1/2-1/2

[Event "Women's Speed Chess GP1"]
[Site "chess.com INT"]
[Date "2020.06.24"]
[Round "1.1"]
[White "Muzychuk, Anna"]
[Black "Munkhzul, Turmunkh"]
[Result "1/2-1/2"]
[WhiteTitle "GM"]
[BlackTitle "WIM"]
[WhiteElo "2535"]
[BlackElo "2278"]
[WhiteFideId "14111330"]
[BlackFideId "4901878"]
[EventDate "2020.06.24"]
[EventType "k.o. blitz"]

1. e4 c5 2. Nf3 d6 3. Bb5+ Nd7 4. Ba4 a6 5. c4 e5 6. Nc3 Nf6 7. d3 Be7 8. Nh4
O-O 9. Nf5 Nb6 10. Nxe7+ Qxe7 11. Bg5 h6 12. Bh4 Be6 13. Bc2 Nbd7 14. Qd2 Rab8
15. a4 Rfc8 16. h3 Nf8 17. g4 Ng6 18. Bg3 Kh7 19. f3 Bd7 20. a5 Qe6 21. h4 h5
22. g5 Ng8 23. Nd5 Bc6 24. Qe2 N8e7 25. f4 exf4 26. Qxh5+ Kg8 27. Nxf4 Nxf4 28.
Bxf4 Nf5 29. O-O Nd4 30. Bd1 g6 31. Qg4 Qxg4+ 32. Bxg4 Rd8 33. Bg3 Nc2 34. Ra2
Nb4 35. Ra3 Nc2 36. Rb3 Ne3 37. Rf4 Nxg4 38. Rxg4 Rd7 39. Rb6 Re8 40. Rf4 Re6
41. b4 cxb4 42. Be1 d5 43. cxd5 Bxd5 44. Bxb4 Rxb6 45. axb6 Bb3 46. Rf3 Bc2 47.
Kf2 Rxd3 48. Rxd3 Bxd3 49. Ke3 Bb5 50. Kd4 Bc6 51. Ke5 Kg7 52. Kf4 Kg8 1/2-1/2

[Event "Women's Speed Chess GP1"]
[Site "chess.com INT"]
[Date "2020.06.24"]
[Round "1.2"]
[White "Munkhzul, Turmunkh"]
[Black "Muzychuk, Anna"]
[Result "1-0"]
[WhiteTitle "WIM"]
[BlackTitle "GM"]
[WhiteElo "2278"]
[BlackElo "2535"]
[WhiteFideId "4901878"]
[BlackFideId "14111330"]
[EventDate "2020.06.24"]
[EventType "k.o. blitz"]

1. e4 e5 2. Nf3 Nc6 3. Bb5 a6 4. Ba4 Nf6 5. O-O Nxe4 6. d4 b5 7. Bb3 d5 8. dxe5
Be6 9. Nbd2 Bc5 10. Nxe4 dxe4 11. Bxe6 fxe6 12. Ng5 Qxd1 13. Rxd1 O-O 14. Nxe4
Bb6 15. Be3 Bxe3 16. fxe3 Rf5 17. Rd7 Rc8 18. Nc5 Nxe5 19. Rdd1 Nf3+ 20. gxf3
Rxc5 21. c3 Rf8 22. Rf1 Rd5 23. Kg2 Rd2+ 24. Rf2 Rfd8 25. Rf1 Kf7 26. Rxd2 Rxd2+
27. Rf2 Rd3 28. Re2 e5 29. Kf2 Kf6 30. Re1 e4 31. Ke2 Rd5 32. fxe4 Rh5 33. Rh1
Rh3 34. Kd3 Ke5 35. b4 g6 36. a3 c6 37. a4 bxa4 38. Ra1 Rxh2 39. Rxa4 h5 40.
Rxa6 h4 41. Rxc6 g5 42. Rg6 Rg2 43. b5 h3 44. b6 Rg1 45. b7 Rd1+ 46. Kc4 Rb1 47.
Rxg5+ Kxe4 48. Rb5 1-0

[Event "Women's Speed Chess GP1"]
[Site "chess.com INT"]
[Date "2020.06.24"]
[Round "1.3"]
[White "Muzychuk, Anna"]
[Black "Munkhzul, Turmunkh"]
[Result "1/2-1/2"]
[WhiteTitle "GM"]
[BlackTitle "WIM"]
[WhiteElo "2535"]
[BlackElo "2278"]
[WhiteFideId "14111330"]
[BlackFideId "4901878"]
[EventDate "2020.06.24"]
[EventType "k.o. blitz"]

1. e4 c5 2. Nc3 Nc6 3. Nf3 e5 4. Bc4 Be7 5. d3 d6 6. O-O Nf6 7. Ng5 O-O 8. f4
Bg4 9. Qe1 exf4 10. Bxf4 Nd4 11. Qf2 Qd7 12. h3 Be6 13. Qd2 Nh5 14. Nxe6 fxe6
15. Be3 b5 16. Bb3 Nxb3 17. axb3 Ng3 18. Rxf8+ Rxf8 19. Ne2 Bh4 20. Nxg3 Bxg3
21. Qe2 Qf7 22. d4 Qg6 23. Qd3 c4 24. bxc4 bxc4 25. Qxc4 Qxe4 26. Qd3 Qxd3 27.
cxd3 Rb8 28. Rxa7 Rxb2 29. Kf1 d5 30. Re7 Rb6 31. Ke2 Bh4 32. Rd7 Bf6 33. Kf3 h6
34. Ra7 Kh7 35. Ra8 Kg6 36. Re8 Kf7 37. Rc8 Rb4 38. Rc7+ Kg6 39. Rc6 Kf7 40.
Rc7+ Kf8 41. Rc8+ Ke7 42. Rc7+ Kd8 43. Rc6 Kd7 44. Ra6 Rb3 45. Ke2 Rb7 46. Kf3
Ke7 47. Ke2 Kf7 48. Kf3 Re7 49. Rc6 h5 50. Ra6 Rb7 51. Ke2 h4 52. Kf3 Rb3 53.
Ke2 Rb4 54. Ra7+ Kg6 55. Ra6 Kf5 56. Ra7 g5 57. Rf7 Kg6 58. Rf8 Kg7 59. Re8 Kf7
60. Ra8 Bxd4 61. Bxg5 Rb2+ 62. Kf3 Rf2+ 63. Kg4 Rxg2+ 64. Kxh4 Kg6 65. Rg8+ Kf7
66. Rc8 Bf6 67. Bxf6 Kxf6 68. Rf8+ Ke5 69. Rf3 Kd4 70. Kh5 e5 71. h4 e4 72. dxe4
dxe4 73. Rf1 Ke3 74. Kh6 Kd2 75. Ra1 Rg4 76. h5 e3 77. Kh7 e2 78. Ra2+ Ke3 79.
Rxe2+ Kxe2 80. h6 Kf3 81. Kh8 Kf4 82. h7 Kg5 83. Kg7 Kf5+ 84. Kf7 Rh4 85. Kg7
Rxh7+ 86. Kxh7 1/2-1/2

[Event "Women's Speed Chess GP1"]
[Site "chess.com INT"]
[Date "2020.06.24"]
[Round "1.4"]
[White "Munkhzul, Turmunkh"]
[Black "Muzychuk, Anna"]
[Result "1/2-1/2"]
[WhiteTitle "WIM"]
[BlackTitle "GM"]
[WhiteElo "2278"]
[BlackElo "2535"]
[WhiteFideId "4901878"]
[BlackFideId "14111330"]
[EventDate "2020.06.24"]
[EventType "k.o. blitz"]

1. e4 e5 2. Nf3 Nc6 3. Bb5 a6 4. Ba4 Nf6 5. O-O Nxe4 6. d4 b5 7. Bb3 d5 8. dxe5
Be6 9. Nbd2 Bc5 10. Nxe4 dxe4 11. Bxe6 fxe6 12. Qxd8+ Rxd8 13. Ng5 Rd5 14. Nxe4
Rxe5 15. Nxc5 Rxc5 16. c3 O-O 17. Be3 Rd5 18. Rfd1 Rfd8 19. Rxd5 exd5 20. Rd1
Kf7 21. Kf1 Rd7 22. f4 Na5 23. b3 c6 24. Kf2 Nb7 25. Kf3 Nd6 26. Bd4 h5 27. h3
Rd8 28. Be5 Nf5 29. c4 bxc4 30. bxc4 g6 31. cxd5 Rxd5 32. Rxd5 cxd5 33. g4 hxg4+
34. hxg4 Ne7 35. Ke3 Nc6 36. Bd6 Ke6 37. Bc5 Na5 38. Kd4 Nc6+ 39. Kd3 Na5 40.
Kc3 Nc6 41. Kd3 Na5 42. Ke3 Nc6 43. Kf3 Kf6 44. Ke3 Ke6 45. Kd3 1/2-1/2

[Event "Women's Speed Chess GP1"]
[Site "chess.com INT"]
[Date "2020.06.24"]
[Round "1.5"]
[White "Muzychuk, Anna"]
[Black "Munkhzul, Turmunkh"]
[Result "1-0"]
[WhiteTitle "GM"]
[BlackTitle "WIM"]
[WhiteElo "2535"]
[BlackElo "2278"]
[WhiteFideId "14111330"]
[BlackFideId "4901878"]
[EventDate "2020.06.24"]
[EventType "k.o. blitz"]

1. e4 c5 2. Nc3 Nc6 3. Bb5 Nd4 4. Nf3 Nxb5 5. Nxb5 d6 6. d4 Nf6 7. Nc3 cxd4 8.
Qxd4 g6 9. e5 dxe5 10. Qxd8+ Kxd8 11. Nxe5 Be6 12. Be3 Bg7 13. O-O-O+ Ke8 14.
Nb5 Kf8 15. Nc7 Rc8 16. Nxe6+ fxe6 17. Bxa7 Nd5 18. Bd4 Bxe5 19. Bxe5 Rg8 20. a3
Kf7 21. Rd3 g5 22. Rb3 b6 23. Re1 Rc4 24. Rf3+ Kg6 25. Bc3 Rc6 26. Bd4 Rgc8 27.
c3 b5 28. Kd1 h6 29. Re5 Rd8 30. h4 Nf4 31. hxg5 hxg5 32. Rg3 Nd5 33. Rexg5+ Kf7
34. Rg7+ Ke8 35. Rg8+ Kd7 36. Rxd8+ Kxd8 37. Kd2 Kd7 38. Rg8 Ra6 39. Rb8 e5 40.
Bxe5 Ke6 41. Bd4 Nc7 42. Rh8 Kf5 43. Rh5+ Kg6 44. Rc5 Ne6 45. Rxb5 1-0

[Event "Women's Speed Chess GP1"]
[Site "chess.com INT"]
[Date "2020.06.24"]
[Round "1.6"]
[White "Munkhzul, Turmunkh"]
[Black "Muzychuk, Anna"]
[Result "1/2-1/2"]
[WhiteTitle "WIM"]
[BlackTitle "GM"]
[WhiteElo "2278"]
[BlackElo "2535"]
[WhiteFideId "4901878"]
[BlackFideId "14111330"]
[EventDate "2020.06.24"]
[EventType "k.o. blitz"]

1. e4 c6 2. d4 d5 3. e5 c5 4. c3 Nc6 5. Nf3 cxd4 6. cxd4 Bg4 7. Be2 e6 8. O-O
Bxf3 9. Bxf3 Nge7 10. b3 Nf5 11. Bb2 h5 12. h3 h4 13. Bg4 g6 14. a3 Qb6 15. Bxf5
gxf5 16. b4 a5 17. Qa4 Be7 18. Bc3 O-O 19. b5 Na7 20. Nd2 Nxb5 21. Bb2 Na7 22.
Rab1 Nc6 23. Bc3 Qa6 24. Rb5 Rfc8 25. Rfb1 Nd8 26. Rxa5 b5 27. Rbxb5 Qc6 28. Nb1
Rxa5 29. Rxa5 Qxa4 30. Rxa4 Rb8 31. Nd2 Nc6 32. Ra6 Rc8 33. Bb2 Nxe5 34. dxe5
Rc2 35. Ra7 Rxd2 36. Rxe7 Rxb2 37. a4 Ra2 38. Ra7 Kg7 39. Kf1 Kg6 40. f4 d4 41.
a5 d3 42. Rd7 Rxa5 43. Rxd3 Ra4 44. Rf3 f6 45. exf6 Kxf6 46. Kf2 Ra2+ 47. Kf1
Rc2 48. Kg1 Rd2 49. Re3 Rd4 50. Rf3 Ke7 51. Kf2 Kf6 52. Kg1 Re4 53. g3 hxg3 54.
Kg2 Kg6 55. Kxg3 Kh5 56. Rc3 Rd4 57. Re3 Rd6 58. Rf3 Kg6 59. Re3 Kf6 60. Rf3 Rd8
61. Re3 Rg8+ 62. Kf3 Rg7 63. Kf2 Rh7 64. Kg2 Rh4 65. Kg3 Rh8 66. Rd3 Rg8+ 1/2-1/2

[Event "Women's Speed Chess GP1"]
[Site "chess.com INT"]
[Date "2020.06.24"]
[Round "1.7"]
[White "Muzychuk, Anna"]
[Black "Munkhzul, Turmunkh"]
[Result "1/2-1/2"]
[WhiteTitle "GM"]
[BlackTitle "WIM"]
[WhiteElo "2535"]
[BlackElo "2278"]
[WhiteFideId "14111330"]
[BlackFideId "4901878"]
[EventDate "2020.06.24"]
[EventType "k.o. blitz"]

1. e4 c5 2. Nc3 Nc6 3. Bb5 Nd4 4. Nf3 Nxb5 5. Nxb5 d6 6. d4 Nf6 7. e5 dxe5 8.
dxe5 Qxd1+ 9. Kxd1 Nd5 10. c4 a6 11. cxd5 axb5 12. Ke2 Bg4 13. h3 Bxf3+ 14. Kxf3
Kd7 15. Be3 c4 16. Rhc1 e6 17. Ke4 exd5+ 18. Kxd5 Be7 19. b3 Ba3 20. Rc2 c3 21.
Rd1 Bb4 22. Ke4+ Ke6 23. Rd4 Bc5 24. Rd5 Bxe3 25. Rd6+ Ke7 26. Kxe3 Rhc8 27. Rb6
Rc5 28. Rxb7+ Ke6 29. f4 g6 30. Rb6+ Ke7 31. Rb7+ Ke6 32. b4 Rc4 33. Rb6+ Ke7
34. Rxb5 Ra4 35. g3 h5 36. Kd3 Rcxb4 37. Rxb4 Rxb4 38. Kxc3 Re4 39. Kb3 h4 40.
gxh4 Rxf4 41. a4 Rxh4 42. a5 Rxh3+ 43. Kb4 Rh1 44. Ra2 Rb1+ 45. Ka4 Ke6 46. a6
Rb8 47. a7 Ra8 48. Kb5 Kxe5 49. Kb6 f5 50. Kb7 Rxa7+ 51. Kxa7 g5 52. Kb6 g4 53.
Kc5 g3 54. Kc4 Ke4 55. Re2+ Kf3 56. Re5 f4 57. Kd3 g2 58. Rg5 Kf2 59. Ke4 f3 60.
Kf4 Ke2 61. Rg3 f2 62. Rxg2 Ke1 63. Rxf2 Kxf2 1/2-1/2

[Event "Women's Speed Chess GP1"]
[Site "chess.com INT"]
[Date "2020.06.24"]
[Round "1.8"]
[White "Munkhzul, Turmunkh"]
[Black "Muzychuk, Anna"]
[Result "0-1"]
[WhiteTitle "WIM"]
[BlackTitle "GM"]
[WhiteElo "2278"]
[BlackElo "2535"]
[WhiteFideId "4901878"]
[BlackFideId "14111330"]
[EventDate "2020.06.24"]
[EventType "k.o. blitz"]

1. e4 d5 2. exd5 Nf6 3. d4 Bg4 4. f3 Bf5 5. g4 Bc8 6. c4 c6 7. Nc3 cxd5 8. g5
Nh5 9. Nxd5 e6 10. Nc3 Be7 11. f4 g6 12. Bg2 Nc6 13. Nge2 Ng7 14. Be3 Nf5 15.
Bf2 h6 16. gxh6 Bh4 17. Ng3 Rxh6 18. d5 exd5 19. Qxd5 Qe7+ 20. Nce4 Be6 21. Qb5
O-O-O 22. O-O Bxg3 23. Nxg3 Nfd4 24. Qg5 Qxg5 25. fxg5 Rhh8 26. b3 Rh4 27. Rad1
Rdh8 28. Rfe1 Rg4 29. h3 Rxg5 30. Bxd4 Nxd4 31. Rxd4 Rxg3 32. Kf2 Rc3 33. Re3
Rc2+ 34. Re2 Rxe2+ 35. Kxe2 Bxh3 36. Bf3 Be6 37. Kf2 Rh2+ 38. Kg3 Rxa2 39. Rd3
Kc7 40. Re3 Rb2 41. Kf4 b6 42. Ke5 a5 43. Kf6 Rb1 44. Be4 Kd6 45. Rd3+ Kc5 46.
Re3 Rf1+ 47. Ke5 Rf2 48. Rg3 Rb2 49. Bxg6 fxg6 50. Kxe6 Kb4 51. Kd5 Rxb3 52.
Rxg6 Ka3 53. c5 Rb5 54. Kd4 bxc5+ 55. Kc4 Ka4 56. Rg1 Rb3 57. Ra1+ Ra3 58. Rb1
Ra2 59. Kxc5 Ka3 60. Kc4 a4 61. Kc3 Re2 62. Rb8 Re3+ 63. Kc2 Re2+ 64. Kc3 Ka2
65. Rb7 a3 66. Rb8 Ka1 67. Rb7 a2 68. Rb8 Re1 69. Kc2 Rb1 70. Ra8 Rb6 71. Rh8
Rc6+ 72. Kb3 Rb6+ 73. Kc2 Rb2+ 74. Kc1 Rb1+ 75. Kc2 Rb2+ 76. Kc1 Rb5 77. Kc2
Rc5+ 78. Kb3 Rb5+ 79. Kc2 Rb7 80. Kc1 Rc7+ 81. Kd2 Rc4 82. Kd1 Kb2 83. Rb8+ Ka3
84. Ra8+ Ra4 85. Rxa4+ Kxa4 0-1

[Event "Women's Speed Chess GP1"]
[Site "chess.com INT"]
[Date "2020.06.24"]
[Round "1.9"]
[White "Muzychuk, Anna"]
[Black "Munkhzul, Turmunkh"]
[Result "0-1"]
[WhiteTitle "GM"]
[BlackTitle "WIM"]
[WhiteElo "2535"]
[BlackElo "2278"]
[WhiteFideId "14111330"]
[BlackFideId "4901878"]
[EventDate "2020.06.24"]
[EventType "k.o. blitz"]

1. e4 c5 2. c4 Nc6 3. Ne2 e5 4. Nbc3 d6 5. d3 Be7 6. g3 Be6 7. Bg2 Nf6 8. O-O
O-O 9. h3 Nd4 10. Kh2 Qd7 11. f4 Qc7 12. f5 Bd7 13. g4 Bc6 14. Ng3 b5 15. g5 Nd7
16. Qg4 Bd8 17. h4 Nb6 18. b3 Bd7 19. h5 a5 20. Rb1 b4 21. Nd5 Nxd5 22. exd5 a4
23. g6 fxg6 24. hxg6 Rf6 25. gxh7+ Kh8 26. Nh5 Rf7 27. Qg6 Bxf5 28. Rxf5 Nxf5
29. Bd2 axb3 30. axb3 Ra2 31. Rd1 Qe7 32. Qg4 Qh4+ 33. Qxh4 Nxh4 34. Bh3 Kxh7
35. Kg3 Ng6 36. Bg4 Nf4 37. Nxf4 exf4+ 38. Bxf4 Be7 39. Be6 Rf6 40. Rh1+ Kg6 41.
Rh4 Rxe6 42. Rg4+ Kf7 43. dxe6+ Kxe6 44. Rxg7 Rb2 45. Rg6+ Kd7 46. Kf3 Rxb3 47.
Ke4 Rb1 48. Kd5 Rd1 49. Ke4 b3 50. Rg8 b2 0-1

[Event "Women's Speed Chess GP1"]
[Site "chess.com INT"]
[Date "2020.06.24"]
[Round "1.10"]
[White "Munkhzul, Turmunkh"]
[Black "Muzychuk, Anna"]
[Result "1-0"]
[WhiteTitle "WIM"]
[BlackTitle "GM"]
[WhiteElo "2278"]
[BlackElo "2535"]
[WhiteFideId "4901878"]
[BlackFideId "14111330"]
[EventDate "2020.06.24"]
[EventType "k.o. blitz"]

1. e4 d5 2. exd5 Nf6 3. d4 Bg4 4. f3 Bf5 5. g4 Bc8 6. c4 e6 7. Nc3 exd5 8. g5
Nh5 9. Nxd5 c6 10. Nc3 Bb4 11. f4 g6 12. Be2 O-O 13. Nf3 Bh3 14. Bd2 Re8 15. Kf2
Nd7 16. Re1 Qc7 17. Ne5 Nxe5 18. fxe5 Rad8 19. Bxh5 gxh5 20. Qxh5 Bf5 21. Be3
Bg6 22. Qf3 Bxc3 23. bxc3 Qb6 24. Re2 Qa6 25. h4 Qxc4 26. h5 Bd3 27. Rd2 Qxc3
28. Rg1 Rxd4 29. g6 fxg6 30. hxg6 Bxg6 31. Rxd4 Rf8 32. Rf4 Qc2+ 33. Kg3 Re8 34.
Qf2 Qd3 35. Rd4 Qb5 36. Qf4 Rf8 37. Qg5 Qe2 38. Rg2 Qf3+ 39. Kh2 Rf5 40. Qg3
Rh5+ 41. Kg1 Qf5 42. e6 Qb1+ 43. Kf2 Qxa2+ 44. Rd2 Qxe6 45. Qb8+ Kg7 46. Qxb7+
Kf6 47. Qb2+ Kf7 48. Qb7+ Kf6 49. Qb2+ Kf7 50. Ke2 Qc4+ 51. Kd1 Rh1+ 52. Bg1
Bh5+ 53. Ke1 Qe4+ 54. Kf1 Qf3+ 55. Rgf2 1-0

[Event "Women's Speed Chess GP1"]
[Site "chess.com INT"]
[Date "2020.06.24"]
[Round "1.1"]
[White "Stefanova, Antoaneta"]
[Black "Vaishali, R"]
[Result "0-1"]
[WhiteTitle "GM"]
[BlackTitle "WGM"]
[WhiteElo "2462"]
[BlackElo "2393"]
[WhiteFideId "2902257"]
[BlackFideId "5091756"]
[EventDate "2020.06.24"]
[EventType "k.o. blitz"]

1. d4 Nf6 2. Bf4 g6 3. Nc3 d5 4. e3 Bg7 5. Nb5 Na6 6. Nf3 O-O 7. h3 c6 8. Nc3
Nc7 9. Be2 b6 10. O-O Bb7 11. Be5 c5 12. Re1 Rc8 13. a4 cxd4 14. Nxd4 Ne4 15.
Bxg7 Kxg7 16. Ncb5 a6 17. Nxc7 Qxc7 18. c3 e5 19. Nf3 Rfd8 20. Bf1 Qe7 21. g3
Rd6 22. Bg2 Rcd8 23. Qb3 Nc5 24. Qc2 Bc8 25. Nh4 e4 26. Bf1 g5 27. Ng2 Bxh3 28.
b4 Nd7 29. Bxa6 Ne5 30. Be2 Nf3+ 31. Bxf3 exf3 32. Nf4 gxf4 33. exf4 Re6 34. Qd2
Re8 35. Re3 Rxe3 36. Qxe3 Qxe3 37. fxe3 Rxe3 38. a5 Re2 39. axb6 f2+ 40. Kh1
f1=Q+ 41. Rxf1 Bxf1 42. b7 Re8 0-1

[Event "Women's Speed Chess GP1"]
[Site "chess.com INT"]
[Date "2020.06.24"]
[Round "1.2"]
[White "Vaishali, R"]
[Black "Stefanova, Antoaneta"]
[Result "1-0"]
[WhiteTitle "WGM"]
[BlackTitle "GM"]
[WhiteElo "2393"]
[BlackElo "2462"]
[WhiteFideId "5091756"]
[BlackFideId "2902257"]
[EventDate "2020.06.24"]
[EventType "k.o. blitz"]

1. e4 e5 2. Nf3 Nc6 3. Bb5 a6 4. Ba4 Nf6 5. d3 Bc5 6. O-O d6 7. c3 O-O 8. d4 Ba7
9. Bc2 h6 10. h3 Re8 11. Re1 exd4 12. cxd4 Nb4 13. Nc3 Nxc2 14. Qxc2 c6 15. Bf4
Nh7 16. e5 d5 17. Ne2 Ng5 18. Nxg5 hxg5 19. Be3 g4 20. hxg4 Bxg4 21. f3 Bd7 22.
Nf4 Qh4 23. Qf2 Qh7 24. g4 c5 25. Kg2 cxd4 26. Bxd4 Bxd4 27. Qxd4 Rac8 28. Rh1
Qc2+ 29. Kg3 Rc4 30. Qd3 Qxd3 31. Nxd3 Rd4 32. Rad1 Bb5 33. Nf4 Rxd1 34. Rxd1
Rxe5 35. Rxd5 Rxd5 36. Nxd5 Bc4 37. Nc3 g5 38. f4 gxf4+ 39. Kxf4 Kf8 40. Ke5 Ke7
41. g5 Be6 42. a3 Bb3 43. Ne4 b6 44. Nd6 Be6 45. Ne4 Bb3 46. Ng3 Kd7 47. Kf6 a5
48. Nf5 b5 49. Nd4 Bc4 50. Nf3 Bd5 51. Ne5+ Ke8 52. b4 axb4 53. axb4 Kf8 54.
Nd7+ Ke8 55. Ne5 Kf8 56. Nd3 Ke8 57. Nf4 Bc4 58. Ng2 Kd7 59. Ne3 Ba2 60. Nf5 Bc4
61. Ke5 Be6 62. Nd6 Kc6 63. g6 fxg6 64. Kxe6 g5 65. Nf5 g4 66. Nd4+ Kc7 67. Kd5
g3 68. Nf3 Kd7 69. Kc5 Ke6 70. Kxb5 Kd5 71. Nh4 Ke4 72. Kc4 Kf4 73. b5 Kg4 74.
Ng2 Kf3 75. Nh4+ Kg4 76. Ng2 Kf3 77. b6 Kxg2 78. b7 Kh1 79. b8=Q g2 80. Qb7 Kh2
81. Qh7+ Kg1 82. Kd3 Kf1 83. Qf5+ Ke1 84. Qg4 Kf2 85. Qf4+ Ke1 86. Qg3+ Kf1 87.
Qf3+ Kg1 88. Ke2 Kh1 89. Kf2 Kh2 90. Qxg2# 1-0

[Event "Women's Speed Chess GP1"]
[Site "chess.com INT"]
[Date "2020.06.24"]
[Round "1.3"]
[White "Stefanova, Antoaneta"]
[Black "Vaishali, R"]
[Result "1/2-1/2"]
[WhiteTitle "GM"]
[BlackTitle "WGM"]
[WhiteElo "2462"]
[BlackElo "2393"]
[WhiteFideId "2902257"]
[BlackFideId "5091756"]
[EventDate "2020.06.24"]
[EventType "k.o. blitz"]

1. d4 Nf6 2. Bf4 d5 3. e3 c5 4. c3 Nc6 5. Nd2 cxd4 6. exd4 Bf5 7. Qb3 Qc8 8.
Ngf3 e6 9. Nh4 Bg6 10. Nxg6 hxg6 11. h3 Qd7 12. Be2 Bd6 13. Be3 O-O 14. f4 a6
15. O-O b5 16. Nf3 Ne4 17. Ne5 Qc7 18. Bd3 Bxe5 19. fxe5 f5 20. exf6 Nxf6 21.
Qc2 e5 22. Bxg6 e4 23. Bf5 Rae8 24. Qe2 Qb6 25. Qf2 Ne7 26. Qh4 Nxf5 27. Rxf5
Rf7 28. Raf1 Ref8 29. Bg5 b4 30. Bxf6 Rxf6 31. Rxf6 Rxf6 32. Rxf6 gxf6 33. Qg4+
Kh7 34. Qf5+ Kg7 35. Qxd5 bxc3 36. bxc3 Qb1+ 37. Kh2 Qb8+ 38. Kg1 Qb1+ 39. Kh2
Qb8+ 40. Kg1 Qb1+ 1/2-1/2

[Event "Women's Speed Chess GP1"]
[Site "chess.com INT"]
[Date "2020.06.24"]
[Round "1.4"]
[White "Vaishali, R"]
[Black "Stefanova, Antoaneta"]
[Result "1-0"]
[WhiteTitle "WGM"]
[BlackTitle "GM"]
[WhiteElo "2393"]
[BlackElo "2462"]
[WhiteFideId "5091756"]
[BlackFideId "2902257"]
[EventDate "2020.06.24"]
[EventType "k.o. blitz"]

1. Nf3 d5 2. g3 g6 3. Bg2 Bg7 4. d4 Nf6 5. O-O c6 6. b3 O-O 7. Bb2 a5 8. Nbd2 a4
9. c4 axb3 10. axb3 Rxa1 11. Qxa1 Na6 12. Ne5 Qb6 13. Bc3 Rd8 14. Ba5 1-0

[Event "Women's Speed Chess GP1"]
[Site "chess.com INT"]
[Date "2020.06.24"]
[Round "1.5"]
[White "Stefanova, Antoaneta"]
[Black "Vaishali, R"]
[Result "1-0"]
[WhiteTitle "GM"]
[BlackTitle "WGM"]
[WhiteElo "2462"]
[BlackElo "2393"]
[WhiteFideId "2902257"]
[BlackFideId "5091756"]
[EventDate "2020.06.24"]
[EventType "k.o. blitz"]

1. d4 Nf6 2. Nf3 g6 3. g3 Bg7 4. Bg2 c5 5. c3 O-O 6. O-O d6 7. h3 cxd4 8. cxd4
Nc6 9. Nc3 e5 10. d5 Nb4 11. a3 Na6 12. e4 Nc5 13. Re1 a5 14. Bg5 Bd7 15. b4
axb4 16. axb4 Rxa1 17. Qxa1 Na6 18. Qa3 Qb6 19. Rb1 Rc8 20. Be3 Qc7 21. Rc1 Qd8
22. Bf1 Bf8 23. Kh2 Kg7 24. Bxa6 bxa6 25. Qxa6 Rb8 26. b5 Ra8 27. Ba7 Bc8 28.
Qa2 Nd7 29. b6 Nxb6 30. Nb5 Nd7 31. Qd2 Nc5 32. Bxc5 dxc5 33. Nxe5 Qf6 34. Ng4
Bxg4 35. hxg4 Re8 36. Nc3 h5 37. gxh5 gxh5 38. Kg2 Bd6 39. f4 Qd4 40. Qxd4+ cxd4
41. Nb5 Rxe4 42. Nxd6 Re2+ 43. Kf3 Re3+ 44. Kf2 Ra3 45. Nf5+ Kf6 46. Nxd4 Rd3
47. Rc6+ Ke7 48. Nf5+ Kd7 49. Rc5 f6 50. Ne3 Rd2+ 51. Kf3 Rd3 52. Ke4 Rd2 53.
Nf5 Re2+ 54. Kf3 Rd2 55. Ra5 Rd3+ 56. Ke4 Rd1 57. Ra7+ Kd8 58. d6 Re1+ 59. Kd5
h4 60. gxh4 Rd1+ 61. Ke6 Re1+ 62. Kxf6 1-0